[Event "Chess24 Banter Blitz Cup"]
[Site "chess24.com INT"]
[Date "2019.11.07"]
[Round "1.1"]
[White "Abasov, Nijat"]
[Black "Cornette, Matthieu"]
[Result "1-0"]
[WhiteTitle "GM"]
[BlackTitle "GM"]
[WhiteElo "2632"]
[BlackElo "2558"]
[WhiteFideId "13402960"]
[BlackFideId "620084"]
[EventDate "2019.09.25"]
[EventType "blitz"]

1. c4 b6 2. g3 Bb7 3. Nf3 g6 4. Bg2 Bg7 5. O-O f5 6. Nc3 Nf6 7. b4 a5 8. b5 O-O
9. Bb2 e6 10. d4 Ne4 11. Qc2 Nxc3 12. Bxc3 Be4 13. Qb2 d6 14. c5 Nd7 15. Nd2
Bxg2 16. Kxg2 dxc5 17. dxc5 Bxc3 18. Qxc3 Nxc5 19. Rfd1 Qe8 20. Qc4 Rd8 21. Nb3
Rxd1 22. Rxd1 Nxb3 23. axb3 Qe7 24. Rc1 Rd8 25. e4 fxe4 26. Qxe4 Rd5 27. Rc6 Rd6
28. Rc3 Qf7 29. Rf3 Qd7 30. Qf4 Qe7 31. h4 Rd5 32. Rc3 Rf5 33. Qe4 Rxb5 34. Rd3
Rf5 35. Qc6 Rf7 36. Re3 Qf6 37. Re2 Qf5 38. Rd2 Kg7 39. f4 e5 40. Qc3 Re7 41.
Re2 c5 42. fxe5 Re6 43. Qe3 h5 44. Qd2 Qg4 45. Qd7+ Kh6 46. Rf2 Rxe5 47. Qh7+ 1-0

[Event "Chess24 Banter Blitz Cup"]
[Site "chess24.com INT"]
[Date "2019.11.07"]
[Round "1.2"]
[White "Cornette, Matthieu"]
[Black "Abasov, Nijat"]
[Result "0-1"]
[WhiteTitle "GM"]
[BlackTitle "GM"]
[WhiteElo "2558"]
[BlackElo "2632"]
[WhiteFideId "620084"]
[BlackFideId "13402960"]
[EventDate "2019.09.25"]
[EventType "blitz"]

1. e4 c5 2. Nf3 Nc6 3. Bb5 g6 4. O-O Nf6 5. Nc3 Bg7 6. e5 Ng4 7. Bxc6 dxc6 8.
Re1 Nh6 9. d3 Nf5 10. Ne4 b6 11. Bf4 Be6 12. Qd2 Qd7 13. a3 Rd8 14. Rad1 h6 15.
h3 g5 16. Bh2 Nd4 17. Nxd4 Qxd4 18. c3 Qd5 19. f4 Bf5 20. fxg5 Bxe4 21. Rxe4
Qxe4 22. dxe4 Rxd2 23. Rxd2 hxg5 24. e6 fxe6 25. Bb8 a6 26. Ba7 b5 27. Bxc5 Be5
28. Bd4 Bxd4+ 29. Rxd4 Rf8 30. g3 e5 31. Rd3 Rf6 32. Kg2 Kf7 33. Rf3 Kg6 34. Kf2
Kh5 35. g4+ Kg6 36. Rf5 Rd6 37. Ke2 e6 38. Rxe5 Kf6 39. Rc5 e5 40. c4 Ke6 41.
cxb5 cxb5 42. Ke3 Rb6 43. b4 Kd6 44. Rc3 Rb8 45. Rd3+ Ke6 46. Rc3 Rh8 47. Rc6+
Kd7 48. Rxa6 Rxh3+ 49. Kf2 Rc3 50. Rg6 Rxa3 51. Rg7+ Ke6 52. Rxg5 Rb3 53. Rg6+
Kf7 54. Rb6 Rxb4 55. Kg3 Rb3+ 56. Kh4 Re3 57. Kg5 b4 58. Rb7+ Ke6 59. Rb6+ Kd7
60. Kf5 Kc7 61. Rb5 Rf3+ 62. Kxe5 Kc6 63. Rxb4 Kc5 64. Rd4 Kb5 65. Rd5+ Kc6 0-1

[Event "Chess24 Banter Blitz Cup"]
[Site "chess24.com INT"]
[Date "2019.11.07"]
[Round "1.3"]
[White "Abasov, Nijat"]
[Black "Cornette, Matthieu"]
[Result "0-1"]
[WhiteTitle "GM"]
[BlackTitle "GM"]
[WhiteElo "2632"]
[BlackElo "2558"]
[WhiteFideId "13402960"]
[BlackFideId "620084"]
[EventDate "2019.09.25"]
[EventType "blitz"]

1. d4 Nf6 2. c4 e6 3. Nf3 b6 4. g3 Bb7 5. Bg2 g6 6. O-O Bg7 7. Re1 O-O 8. Nc3
Ne4 9. Qc2 Nxc3 10. Qxc3 Be4 11. Bg5 Qc8 12. Qd2 Re8 13. Bh6 Bh8 14. Nh4 Bxg2
15. Nxg2 Nc6 16. e3 e5 17. d5 Ne7 18. e4 d6 19. Qg5 Qh3 20. Qh4 Qxh4 21. Nxh4 f5
22. Bg5 fxe4 23. Bxe7 Rxe7 24. Rxe4 Rf8 25. Rf1 Bf6 26. Ng2 Bg5 27. h4 Bh6 28.
Ne1 Ref7 29. Kg2 Bd2 30. Nc2 a5 31. Re2 Bh6 32. Rd1 Kg7 33. Ne1 Kg8 34. Nd3 Rf3
35. Re4 R3f5 36. Kf1 Bg7 37. Ke2 Bh6 38. b3 R5f6 39. a3 Ra8 40. Ra1 Rff8 41. Ra2
Kg7 42. Rc2 Kg8 43. Rb2 Kg7 44. Rb1 Kg8 45. Rh1 Rf6 46. h5 Kg7 47. Reh4 Raf8 48.
hxg6 Rxg6 49. Re4 Kg8 50. Ra1 Ra8 51. Rh1 Rf6 52. Reh4 Kg7 53. Rh5 Raf8 54. R5h4
Rg6 55. R1h2 Rf7 56. Rh1 Rgf6 57. b4 axb4 58. axb4 Rf8 59. Ra1 Re8 60. Ra7 Rf7
61. Rg4+ Kf6 62. Re4 Kf5 63. f3 Kg6 64. b5 Bg5 65. g4 Bd8 66. Ra1 Kg5 67. Rh1 h6
68. Rh5+ Kg6 69. Nf2 Ref8 70. Nh3 Rxf3 71. Re3 Rxe3+ 72. Kxe3 Bg5+ 73. Ke2 e4
74. Nf2 e3 75. Nd3 Re8 76. Nb4 Re4 77. Nc6 Rxc4 78. Kd3 Rxg4 79. Nd4 Rxd4+ 80.
Ke2 Kxh5 0-1

[Event "Chess24 Banter Blitz Cup"]
[Site "chess24.com INT"]
[Date "2019.11.07"]
[Round "1.4"]
[White "Cornette, Matthieu"]
[Black "Abasov, Nijat"]
[Result "1-0"]
[WhiteTitle "GM"]
[BlackTitle "GM"]
[WhiteElo "2558"]
[BlackElo "2632"]
[WhiteFideId "620084"]
[BlackFideId "13402960"]
[EventDate "2019.09.25"]
[EventType "blitz"]

1. e4 c5 2. Nf3 Nc6 3. Bb5 g6 4. O-O Bg7 5. Nc3 Nd4 6. Ba4 Qa5 7. Rb1 b5 8. Nxd4
cxd4 9. b4 Qb6 10. Nxb5 Ba6 11. Qe2 O-O-O 12. c4 dxc3 13. dxc3 Nf6 14. Be3 Qb7
15. Qc4+ Kb8 16. Qxf7 Bxb5 17. Bxb5 Qxb5 18. Qxg7 Rde8 19. Qh6 Ka8 20. a4 Qc4
21. Bd4 e5 22. Bc5 Nxe4 23. Qe3 d5 24. Bxa7 Nxc3 25. Bc5 Nxb1 26. Rxb1 Re6 27.
h3 Rc8 28. Rc1 Qa2 29. Qd3 Rb8 30. a5 d4 31. Qe4+ Rb7 32. Bb6 Kb8 33. Rc6 Rxc6
34. Qxc6 Qf7 35. Qd6+ Ka8 36. Qxe5 d3 37. Qh8+ Rb8 38. Qd4 Qe6 39. Qxd3 Kb7 40.
Qb5 Qc6 41. Qe5 Rc8 42. Qg7+ Ka6 43. Qxh7 Kb5 44. Qh6 Qc1+ 45. Qxc1 Rxc1+ 46.
Kh2 Rc2 47. Kg3 Rc4 48. f3 Rc3 49. h4 Rc4 50. Kh3 g5 51. g3 gxh4 52. gxh4 Rc3
53. Kg3 Rc4 54. h5 Rc3 55. h6 Rc1 56. h7 Rh1 57. h8=Q Rxh8 58. Kf4 Rg8 59. Ke3
Rf8 60. f4 Re8+ 61. Kf3 Rf8 62. Kg4 Rf7 63. Kg3 Re7 64. Kf3 Rg7 65. Ke3 1-0

[Event "Chess24 Banter Blitz Cup"]
[Site "chess24.com INT"]
[Date "2019.11.07"]
[Round "1.5"]
[White "Abasov, Nijat"]
[Black "Cornette, Matthieu"]
[Result "1-0"]
[WhiteTitle "GM"]
[BlackTitle "GM"]
[WhiteElo "2632"]
[BlackElo "2558"]
[WhiteFideId "13402960"]
[BlackFideId "620084"]
[EventDate "2019.09.25"]
[EventType "blitz"]

1. c4 b6 2. e4 Bb7 3. Nc3 e5 4. Nf3 Nc6 5. d4 exd4 6. Nxd4 Bb4 7. Ne2 Qf6 8. Be3
Ne5 9. a3 Bc5 10. Nd4 Ne7 11. Be2 N5c6 12. Nc2 Bxe3 13. Nxe3 d6 14. O-O O-O 15.
Rc1 Nd4 16. Ncd5 Nxd5 17. cxd5 Nxe2+ 18. Qxe2 Qe7 19. Nf5 Qd7 20. Qg4 g6 21.
Nh6+ 1-0

[Event "Chess24 Banter Blitz Cup"]
[Site "chess24.com INT"]
[Date "2019.11.07"]
[Round "1.6"]
[White "Cornette, Matthieu"]
[Black "Abasov, Nijat"]
[Result "1/2-1/2"]
[WhiteTitle "GM"]
[BlackTitle "GM"]
[WhiteElo "2558"]
[BlackElo "2632"]
[WhiteFideId "620084"]
[BlackFideId "13402960"]
[EventDate "2019.09.25"]
[EventType "blitz"]

1. e4 Nf6 2. e5 Nd5 3. d4 d6 4. c4 Nb6 5. exd6 exd6 6. Nc3 Be7 7. Bd3 O-O 8.
Nge2 Nc6 9. O-O Bf6 10. b3 Bg4 11. Be3 Re8 12. Qd2 d5 13. c5 Nc8 14. Ng3 N8e7
15. h3 Be6 16. Nce2 Ng6 17. f4 Nh4 18. f5 Bd7 19. Nh5 h6 20. g3 Qe7 21. Bxh6
Nxf5 22. Bxf5 Bxf5 23. Rxf5 Qxe2 24. Nxf6+ gxf6 25. Qxe2 Rxe2 26. Rxd5 Rae8 27.
Rf1 Rxa2 28. Rxf6 Re1+ 29. Rf1 Ree2 30. Rf6 Re1+ 31. Rf1 Ree2 32. Rf6 Re1+ 1/2-1/2

[Event "Chess24 Banter Blitz Cup"]
[Site "chess24.com INT"]
[Date "2019.11.07"]
[Round "1.7"]
[White "Abasov, Nijat"]
[Black "Cornette, Matthieu"]
[Result "0-1"]
[WhiteTitle "GM"]
[BlackTitle "GM"]
[WhiteElo "2632"]
[BlackElo "2558"]
[WhiteFideId "13402960"]
[BlackFideId "620084"]
[EventDate "2019.09.25"]
[EventType "blitz"]

1. e4 c5 2. c3 Nf6 3. e5 Nd5 4. Nf3 Nc6 5. Bc4 Nb6 6. Bb3 c4 7. Bc2 d5 8. exd6
Qxd6 9. O-O Bg4 10. h3 Bh5 11. Re1 O-O-O 12. Be4 e6 13. b3 f5 14. Bc2 Ne5 15.
Rxe5 Bxf3 16. Qe1 Bd5 17. Na3 Qc6 18. Nxc4 Nxc4 19. bxc4 Bxc4 20. d3 Bd5 21. c4
Bxg2 0-1

[Event "Chess24 Banter Blitz Cup"]
[Site "chess24.com INT"]
[Date "2019.11.07"]
[Round "1.8"]
[White "Abasov, Nijat"]
[Black "Cornette, Matthieu"]
[Result "1-0"]
[WhiteTitle "GM"]
[BlackTitle "GM"]
[WhiteElo "2632"]
[BlackElo "2558"]
[WhiteFideId "13402960"]
[BlackFideId "620084"]
[EventDate "2019.09.25"]
[EventType "blitz"]

1. Nf3 Nf6 2. b3 g6 3. Bb2 Bg7 4. g3 d6 5. Bg2 e5 6. c4 O-O 7. O-O Nc6 8. d4 e4
9. Nfd2 e3 10. fxe3 Ng4 11. Rf3 Re8 12. Nf1 Bh6 13. Bc1 f5 14. Nc3 Nf6 15. Rb1
Bd7 16. b4 a5 17. b5 Ne7 18. a4 b6 19. Rf2 Ng4 20. Rf3 Be6 21. Qd3 Qd7 22. e4
Bg7 23. Bg5 Rac8 24. Bxe7 Qxe7 25. exf5 Bxf5 26. e4 Bd7 27. h3 Nf6 28. Ne3 Be6
29. Rbf1 Nh5 30. Ncd5 Qg5 31. g4 1-0

[Event "Chess24 Banter Blitz Cup"]
[Site "chess24.com INT"]
[Date "2019.11.07"]
[Round "1.9"]
[White "Cornette, Matthieu"]
[Black "Abasov, Nijat"]
[Result "1-0"]
[WhiteTitle "GM"]
[BlackTitle "GM"]
[WhiteElo "2558"]
[BlackElo "2632"]
[WhiteFideId "620084"]
[BlackFideId "13402960"]
[EventDate "2019.09.25"]
[EventType "blitz"]

1. e4 e5 2. Nf3 Nc6 3. Bb5 Nf6 4. d3 Bc5 5. Bxc6 dxc6 6. Nc3 Qe7 7. a3 Bg4 8. h3
Bxf3 9. Qxf3 Nd7 10. Ne2 Nf8 11. h4 Ne6 12. h5 f6 13. Be3 O-O-O 14. Ng3 Kb8 15.
Nf5 Qf7 16. b4 Bd4 17. Bxd4 Nxd4 18. Nxd4 Rxd4 19. g3 Rhd8 20. Kf1 R4d7 21. Kg2
Qe7 22. Qf5 h6 23. f4 Qc5 24. bxc5 1-0

[Event "Chess24 Banter Blitz Cup"]
[Site "chess24.com INT"]
[Date "2019.11.07"]
[Round "1.10"]
[White "Abasov, Nijat"]
[Black "Cornette, Matthieu"]
[Result "1-0"]
[WhiteTitle "GM"]
[BlackTitle "GM"]
[WhiteElo "2632"]
[BlackElo "2558"]
[WhiteFideId "13402960"]
[BlackFideId "620084"]
[EventDate "2019.09.25"]
[EventType "blitz"]

1. g3 c5 2. Bg2 Nc6 3. c4 g6 4. Nc3 Bg7 5. Nf3 Nf6 6. O-O O-O 7. d4 cxd4 8. Nxd4
Qa5 9. Nc2 Qh5 10. e4 d6 11. Qxh5 Nxh5 12. Nd5 e6 13. Nc7 Rb8 14. Nb5 Rd8 15.
Rd1 Ne5 16. Ne3 a6 17. Nxd6 Bd7 18. f4 Nc6 19. e5 f6 20. exf6 Bxf6 21. Ng4 Be7
22. Nh6+ Kg7 23. Nhf7 Be8 24. Nxd8 Rxd8 25. Nxe8+ Rxe8 26. Be3 Nf6 27. Bxc6 bxc6
28. Bd4 1-0

[Event "Chess24 Banter Blitz Cup"]
[Site "chess24.com INT"]
[Date "2019.11.07"]
[Round "1.11"]
[White "Cornette, Matthieu"]
[Black "Abasov, Nijat"]
[Result "0-1"]
[WhiteTitle "GM"]
[BlackTitle "GM"]
[WhiteElo "2558"]
[BlackElo "2632"]
[WhiteFideId "620084"]
[BlackFideId "13402960"]
[EventDate "2019.09.25"]
[EventType "blitz"]

1. e4 e6 2. d4 d5 3. Nd2 Nf6 4. e5 Nfd7 5. Bd3 c5 6. c3 Nc6 7. Ne2 cxd4 8. cxd4
f6 9. exf6 Qxf6 10. Nf3 Bd6 11. Bg5 Qf7 12. O-O h6 13. Bh4 O-O 14. Bg3 Bxg3 15.
hxg3 e5 16. dxe5 Ndxe5 17. Nxe5 Nxe5 18. Nf4 Bg4 19. Qb3 Rad8 20. Rae1 Rfe8 21.
Bb5 Re7 22. Re3 d4 23. Qxf7+ Kxf7 24. Re4 Bf5 25. Re2 g5 26. Rfe1 gxf4 27. Rxe5
Rxe5 28. Rxe5 Kf6 29. gxf4 d3 30. Re1 d2 31. Rd1 Bc2 32. Be2 Bxd1 33. Bxd1 Re8 0-1

[Event "Chess24 Banter Blitz Cup"]
[Site "chess24.com INT"]
[Date "2019.11.07"]
[Round "1.12"]
[White "Abasov, Nijat"]
[Black "Cornette, Matthieu"]
[Result "1-0"]
[WhiteTitle "GM"]
[BlackTitle "GM"]
[WhiteElo "2632"]
[BlackElo "2558"]
[WhiteFideId "13402960"]
[BlackFideId "620084"]
[EventDate "2019.09.25"]
[EventType "blitz"]

1. e4 c5 2. Nf3 Nc6 3. Bb5 g6 4. Bxc6 dxc6 5. d3 Bg7 6. Nc3 Nf6 7. h3 O-O 8. Be3
b6 9. Qd2 e5 10. Bh6 Qd6 11. O-O Nh5 12. Ne2 Nf4 13. Bxg7 Nxe2+ 14. Qxe2 Kxg7
15. Nd2 Be6 16. Qe3 f6 17. f4 Qd4 18. Qxd4 exd4 19. a4 f5 20. Rfe1 Rfe8 21. g3
fxe4 22. Nxe4 Bxh3 23. Kf2 Bf5 24. Nd6 Rxe1 25. Rxe1 Kf8 26. Nxf5 gxf5 27. Re5
Re8 28. Rxf5+ Kg7 29. Rg5+ Kf6 30. Rh5 Kg6 31. Rg5+ Kf6 32. b3 Re7 33. Rh5 Kg6
34. g4 Re3 35. f5+ Kg7 36. Rh1 a5 37. Rh2 Re5 38. Kf3 b5 39. Re2 Kf6 40. Rh2 Kg7
41. Kf4 Re1 42. g5 c4 43. f6+ Kg8 44. dxc4 bxc4 45. bxc4 Rf1+ 46. Ke5 Rg1 47.
Kf5 c5 48. Rh3 Kf8 49. Rxh7 Rf1+ 50. Kg6 Ke8 51. Rb7 d3 52. cxd3 Rf3 53. Kg7 Rf5
54. g6 Kd8 55. f7 Kc8 56. Ra7 Kb8 57. Re7 Rg5 58. f8=Q# 1-0

[Event "Chess24 Banter Blitz Cup"]
[Site "chess24.com INT"]
[Date "2019.11.07"]
[Round "1.13"]
[White "Cornette, Matthieu"]
[Black "Abasov, Nijat"]
[Result "1-0"]
[WhiteTitle "GM"]
[BlackTitle "GM"]
[WhiteElo "2558"]
[BlackElo "2632"]
[WhiteFideId "620084"]
[BlackFideId "13402960"]
[EventDate "2019.09.25"]
[EventType "blitz"]

1. e4 e5 2. Nf3 Nc6 3. Bc4 Bc5 4. d3 Nf6 5. O-O h6 6. a4 a6 7. c3 d6 8. Nbd2 O-O
9. Re1 Be6 10. b4 Ba7 11. Bxe6 fxe6 12. Nf1 Ng4 13. Ra2 Qe8 14. h3 Nf6 15. Be3
Bxe3 16. Rxe3 Ne7 17. g3 Qh5 18. Kg2 Nh7 19. N1h2 Ng5 20. h4 Nxf3 21. Rxf3 Rxf3
22. Qxf3 Qxf3+ 23. Nxf3 Rf8 24. b5 a5 25. d4 exd4 26. cxd4 Nc8 27. Rc2 Rf7 28.
e5 d5 29. Ne1 Nb6 30. Ra2 Nc4 31. Nd3 b6 32. Nb2 Nxb2 33. Rxb2 Kf8 34. Rc2 Ke8
35. f4 h5 36. Kf3 Kd7 37. g4 hxg4+ 38. Kxg4 Rf5 39. h5 Kd8 40. Rc6 Kd7 41. Rc1
Kd8 42. Rh1 Kd7 43. h6 gxh6 44. Rxh6 Rf7 45. Rf6 Rg7+ 46. Kf3 Ke7 47. f5 exf5
48. Rxf5 Rg1 49. Rh5 Rd1 50. Rh7+ Kd8 51. Ke3 Re1+ 52. Kf4 Kc8 53. Kf5 Re4 54.
e6 Rxd4 55. Rh8+ Kb7 56. e7 1-0

[Event "Chess24 Banter Blitz Cup"]
[Site "chess24.com INT"]
[Date "2019.11.07"]
[Round "1.14"]
[White "Abasov, Nijat"]
[Black "Cornette, Matthieu"]
[Result "1-0"]
[WhiteTitle "GM"]
[BlackTitle "GM"]
[WhiteElo "2632"]
[BlackElo "2558"]
[WhiteFideId "13402960"]
[BlackFideId "620084"]
[EventDate "2019.09.25"]
[EventType "blitz"]

1. e4 e6 2. d4 d5 3. exd5 exd5 4. Nf3 Nc6 5. Bd3 Bd6 6. h3 Nge7 7. O-O O-O 8.
Re1 Bf5 9. Nc3 Qd7 10. Ne5 Nxe5 11. dxe5 Bb4 12. Bd2 Bxd3 13. cxd3 Ng6 14. d4 c6
15. a3 Ba5 16. f4 Bb6 17. Be3 Nh4 18. Bf2 Nf5 19. g4 Ne7 20. f5 g6 21. f6 Nc8
22. Qd2 Kh8 23. Qh6 Rg8 24. Re2 Qe8 25. Rae1 Qf8 26. Qd2 a6 27. e6 fxe6 28. Rxe6
Nd6 29. Qf4 Rd8 30. Re7 g5 31. Qf3 Rg6 32. f7 Kg7 33. Kg2 Rf6 34. Qe3 h6 35. Qe5
Nxf7 36. Qe3 Kg8 37. Bg3 Nd6 38. h4 Ne4 39. Rxb7 Nxg3 40. hxg5 Rg6 41. Kxg3 hxg5
42. Qe6+ Rxe6 43. Rxe6 Bxd4 44. Rg6+ Kh8 45. Ne2 Qf2+ 46. Kh3 Qxe2 47. Rh6+ Kg8
48. Rg6+ Kf8 49. Rxg5 Bg1 50. Rf5+ Ke8 51. Kh4 Qe3 52. Kh5 Qh3+ 53. Kg6 Bd4 54.
Rg5 Qh8 55. Kf5 Qg8 56. Rxg8# 1-0

[Event "Chess24 Banter Blitz Cup"]
[Site "chess24.com INT"]
[Date "2019.11.06"]
[Round "1.1"]
[White "Garriga Cazorla, Pere"]
[Black "Sjugirov, Sanan"]
[Result "1-0"]
[WhiteTitle "IM"]
[BlackTitle "GM"]
[WhiteElo "2484"]
[BlackElo "2662"]
[WhiteFideId "32011601"]
[BlackFideId "4189302"]
[EventDate "2019.09.25"]
[EventType "blitz"]

1. d4 Nf6 2. c4 e6 3. Nc3 Bb4 4. Qc2 O-O 5. Nf3 d5 6. cxd5 exd5 7. Bg5 h6 8. Bh4
c5 9. dxc5 Nbd7 10. e3 g5 11. Bg3 Nxc5 12. Be2 Nfe4 13. Nd4 Qf6 14. O-O Bxc3 15.
bxc3 Bf5 16. Nxf5 Qxf5 17. Rac1 Rac8 18. Qb2 b6 19. Qb4 Rfe8 20. Rfd1 Nxg3 21.
hxg3 Ne4 22. Bf3 Rc5 23. Qa4 Re7 24. Bxe4 dxe4 25. Rd8+ Kg7 26. Qd4+ Qe5 27. Rd1
Qxd4 28. cxd4 Rc2 29. Ra1 Rec7 30. Rd5 f6 31. g4 Rd2 32. a4 Kg6 33. a5 bxa5 34.
Rf5 h5 35. Rfxa5 hxg4 36. g3 Rcc2 37. Rf1 Ra2 38. Rxa2 Rxa2 39. Rd1 Kf7 40. Rb1
a5 41. Rb7+ Ke6 42. Rb6+ Kf7 43. Rb7+ Kg6 44. Kg2 a4 45. Rb8 a3 46. Rg8+ Kf5 47.
Ra8 Ra1 48. Ra6 a2 49. Ra4 Ke6 50. Ra5 Kd6 51. Ra6+ Kd5 52. Ra8 Kc4 53. Ra7 Kd3
54. Ra8 Kc4 55. Ra7 Kb4 56. Ra8 Kb3 57. Rb8+ Kc3 58. Rc8+ Kb4 59. Ra8 Kb5 60.
Rb8+ Kc6 61. Ra8 Kd7 62. Rc8 Kxc8 63. d5 Kd7 64. Kh2 1-0

[Event "Chess24 Banter Blitz Cup"]
[Site "chess24.com INT"]
[Date "2019.11.06"]
[Round "1.2"]
[White "Sjugirov, Sanan"]
[Black "Garriga Cazorla, Pere"]
[Result "1-0"]
[WhiteTitle "GM"]
[BlackTitle "IM"]
[WhiteElo "2662"]
[BlackElo "2484"]
[WhiteFideId "4189302"]
[BlackFideId "32011601"]
[EventDate "2019.09.25"]
[EventType "blitz"]

1. Nf3 c5 2. c4 Nc6 3. Nc3 g6 4. e3 Nf6 5. d4 cxd4 6. exd4 d5 7. cxd5 Nxd5 8.
Bc4 Nxc3 9. Qb3 e6 10. bxc3 Bg7 11. Ba3 Na5 12. Bb5+ Bd7 13. Qa4 Nc6 14. O-O a6
15. Bxc6 Bxc6 16. Qd1 f6 17. Re1 Kf7 18. Qe2 Re8 19. c4 Qa5 20. Bb2 Rad8 21. h3
b5 22. Nd2 bxc4 23. Nxc4 Qd5 24. Ne3 Qb5 25. Qc2 Rc8 26. a4 Qb7 27. Qe2 Bh6 28.
Ba3 Be4 29. Nc4 Rxc4 30. Qxc4 Bxg2 31. Rab1 Qd5 32. Qc7+ Kg8 33. Rb8 Rxb8 34.
Qxb8+ Kf7 35. Qc7+ Kg8 36. Qe7 Bg5 37. Qe8+ Kg7 38. Qf8# 1-0

[Event "Chess24 Banter Blitz Cup"]
[Site "chess24.com INT"]
[Date "2019.11.06"]
[Round "1.3"]
[White "Garriga Cazorla, Pere"]
[Black "Sjugirov, Sanan"]
[Result "0-1"]
[WhiteTitle "IM"]
[BlackTitle "GM"]
[WhiteElo "2484"]
[BlackElo "2662"]
[WhiteFideId "32011601"]
[BlackFideId "4189302"]
[EventDate "2019.09.25"]
[EventType "blitz"]

1. d4 Nf6 2. c4 e6 3. Nc3 Bb4 4. Qc2 O-O 5. Nf3 d5 6. cxd5 exd5 7. Bg5 h6 8. Bh4
c5 9. dxc5 Nbd7 10. e3 g5 11. Bg3 Nxc5 12. Nd4 Nfe4 13. Be2 Qf6 14. O-O Bxc3 15.
bxc3 Bf5 16. Nxf5 Qxf5 17. Rac1 Rac8 18. Rfd1 h5 19. c4 dxc4 20. Bxc4 h4 21. Rd5
Qg6 22. Be5 g4 23. Ba1 Kh7 24. Qb2 f6 25. Bf1 b6 26. Be2 Rfd8 27. Rcd1 Rxd5 28.
Rxd5 Kg7 29. Qa3 Rc7 30. Qb2 g3 31. hxg3 hxg3 32. f3 Qh6 0-1

[Event "Chess24 Banter Blitz Cup"]
[Site "chess24.com INT"]
[Date "2019.11.06"]
[Round "1.4"]
[White "Sjugirov, Sanan"]
[Black "Garriga Cazorla, Pere"]
[Result "1-0"]
[WhiteTitle "GM"]
[BlackTitle "IM"]
[WhiteElo "2662"]
[BlackElo "2484"]
[WhiteFideId "4189302"]
[BlackFideId "32011601"]
[EventDate "2019.09.25"]
[EventType "blitz"]

1. Nf3 c5 2. g3 Nc6 3. Bg2 g6 4. c3 d5 5. d4 cxd4 6. cxd4 Nf6 7. O-O Bg7 8. Ne5
O-O 9. Nxc6 bxc6 10. Nc3 Nd7 11. b3 e6 12. Ba3 c5 13. Rc1 Bxd4 14. Na4 Bg7 15.
Nxc5 Nxc5 16. Bxc5 Re8 17. e4 Ba6 18. Re1 dxe4 19. Bxe4 Rc8 20. Qxd8 Rexd8 21.
Bxa7 Rxc1 22. Rxc1 Bb2 23. Rb1 Ba3 24. Be3 f5 25. Bg2 Kf7 26. Bf1 Bxf1 27. Kxf1
Rc8 28. b4 e5 29. b5 Bd6 30. a4 f4 31. gxf4 exf4 32. Ba7 Rc4 33. a5 f3 34. a6
Bxh2 35. Be3 Rg4 36. Ke1 Rg1+ 37. Kd2 Rxb1 38. a7 Ra1 39. b6 1-0

[Event "Chess24 Banter Blitz Cup"]
[Site "chess24.com INT"]
[Date "2019.11.06"]
[Round "1.5"]
[White "Garriga Cazorla, Pere"]
[Black "Sjugirov, Sanan"]
[Result "0-1"]
[WhiteTitle "IM"]
[BlackTitle "GM"]
[WhiteElo "2484"]
[BlackElo "2662"]
[WhiteFideId "32011601"]
[BlackFideId "4189302"]
[EventDate "2019.09.25"]
[EventType "blitz"]

1. d4 Nf6 2. c4 e6 3. Nc3 Bb4 4. Qc2 O-O 5. Nf3 d5 6. cxd5 exd5 7. Bg5 h6 8. Bh4
Nbd7 9. e3 c5 10. dxc5 g5 11. Bg3 Nxc5 12. Nd4 Nfe4 13. f3 Nxg3 14. hxg3 Qf6 15.
Kf2 Bxc3 16. bxc3 Ne4+ 17. Kg1 Nxg3 18. Rh2 Re8 19. Qf2 Nf5 20. Re1 Bd7 21. Bd3
Nxd4 22. cxd4 Rac8 23. e4 dxe4 24. fxe4 Qxf2+ 25. Kxf2 Kg7 26. Ke3 Rc3 27. Reh1
Bb5 28. Rxh6 Rxd3+ 29. Kf2 Rxe4 0-1

[Event "Chess24 Banter Blitz Cup"]
[Site "chess24.com INT"]
[Date "2019.11.06"]
[Round "1.6"]
[White "Sjugirov, Sanan"]
[Black "Garriga Cazorla, Pere"]
[Result "1/2-1/2"]
[WhiteTitle "GM"]
[BlackTitle "IM"]
[WhiteElo "2662"]
[BlackElo "2484"]
[WhiteFideId "4189302"]
[BlackFideId "32011601"]
[EventDate "2019.09.25"]
[EventType "blitz"]

1. d4 Nf6 2. Nf3 e6 3. Bg5 h6 4. Bh4 d6 5. e3 g5 6. Bg3 Nh5 7. c3 a6 8. Nbd2 b6
9. Bd3 Bb7 10. e4 Nd7 11. Nc4 Nxg3 12. hxg3 Bg7 13. Qe2 Qe7 14. O-O-O O-O-O 15.
Ne3 b5 16. a4 c6 17. d5 Nc5 18. dxc6 Bxc6 19. axb5 axb5 20. Nc2 Qb7 21. Rhe1 d5
22. e5 Nb3+ 23. Kb1 Bf8 24. Nfd4 Nxd4 25. Nxd4 b4 26. cxb4 Kb8 27. b5 Bd7 28.
Rc1 Rc8 29. Rxc8+ Qxc8 30. Rc1 Qb7 31. Nc6+ Ka8 32. Qd1 Qb6 33. Qa4+ Kb7 34.
Na5+ Kb8 35. Nc6+ Kb7 36. Rc3 Bc5 37. Na5+ Kb8 38. Nc6+ Kb7 39. Na5+ Kb8 40.
Nc6+ Kb7 1/2-1/2

[Event "Chess24 Banter Blitz Cup"]
[Site "chess24.com INT"]
[Date "2019.11.06"]
[Round "1.7"]
[White "Garriga Cazorla, Pere"]
[Black "Sjugirov, Sanan"]
[Result "1-0"]
[WhiteTitle "IM"]
[BlackTitle "GM"]
[WhiteElo "2484"]
[BlackElo "2662"]
[WhiteFideId "32011601"]
[BlackFideId "4189302"]
[EventDate "2019.09.25"]
[EventType "blitz"]

1. Nf3 Nf6 2. c4 e6 3. g3 d5 4. Bg2 dxc4 5. O-O a6 6. a4 Nc6 7. b3 cxb3 8. Qxb3
a5 9. Bb2 Be7 10. Nc3 O-O 11. Rac1 Nb4 12. Rfd1 c6 13. d4 b6 14. e4 Ba6 15. Ne5
Rc8 16. h3 Nd7 17. Nc4 b5 18. Ne3 Nb6 19. d5 bxa4 20. Nxa4 cxd5 21. Rxc8 Nxc8
22. exd5 exd5 23. Nxd5 Nxd5 24. Bxd5 Qc7 25. Rc1 Qd7 26. Bg2 Bb5 27. Nc5 Bxc5
28. Rxc5 Nd6 29. Rd5 Bc4 30. Qc3 f5 31. Rxd6 1-0